Cólera /

Guardado en:
Autor Corporativo: Videoteca CEA.
Formato: Deslizar
Series:Consejos para la salud
Materias:
Etiquetas: Agregar Etiqueta
Sin Etiquetas, Sea el primero en etiquetar este registro!
LEADER 00875ngm a22002655g 4500
001 CEM.cems021885
008 130507b1993##################0###0#####d
005 20240918173433.0
245 1 0 |a Cólera /  |c Videoteca CEA. 
300 |a 05 
490 0 |a Consejos para la salud 
500 |a En soporte VHS, consultar en ventanilla. 
505 0 |a Síntomas de la enfermedad. Propagación de las bacterias. Formas de curación. Prevención doméstica. 
538 |a Soporte: VHS - Norma: Pal N - Color - Grabación DRD 1993 - Hitachi=1205 
110 2 |a Videoteca CEA. 
082 6 1 |. 9/ENF 
653 |a MEDICINA 
653 |a EDUCACION PARA LA SALUD 
653 |a ENFERMEDADES 
653 |a COLERA 
653 |a BACTERIAS 
653 |a SALUD 
653 |a NIVEL PRIMARIO 
653 |a NIVEL SECUNDARIO 
859 |a CEMS  |b BIB. CEMS - Depto. Recursos Didacticos  |h 616.9  |i ENF  |k DRD  |p 528.12  |t Ej.1